|
|
|
|
| LEADER |
00000cam a2200000 4500 |
| 001 |
vtls012266359 |
| 003 |
SK-MaSNL |
| 005 |
20260302042557.0 |
| 008 |
241104s2024 xo g 000 f slo |
| 015 |
|
|
|a SNBA2025/02
|
| 020 |
|
|
|a 9788082541017
|q (brožované)
|
| 040 |
|
|
|a SNK
|b slo
|c SNK
|e rda
|
| 041 |
0 |
|
|a slo
|
| 044 |
|
|
|a xo
|c SK
|
| 072 |
|
7 |
|a 821.162.4-3
|x Slovenská próza
|2 konspekt
|
| 080 |
|
|
|a 821.162.4-31
|2 2011
|
| 080 |
|
|
|a (0:82-312.5)
|2 2011
|
| 100 |
1 |
|
|a Popluhárová, Ivana
|d 1989-
|4 aut
|9 211849
|
| 245 |
1 |
0 |
|a Sladký taliansky život
|c Ivana Popluhárová
|
| 250 |
|
|
|a Vydanie prvé
|
| 264 |
|
1 |
|a Bratislava
|b MAFRA Slovakia, a.s.
|c [2024]
|
| 264 |
|
1 |
|c ©2024
|
| 300 |
|
|
|a 199 strán
|c 17 cm
|
| 336 |
|
|
|a text
|b txt
|2 rdacontent
|
| 337 |
|
|
|a bez média
|b n
|2 rdamedia
|
| 338 |
|
|
|a zväzok
|b nc
|2 rdacarrier
|
| 490 |
1 |
|
|a Evitovky
|
| 500 |
|
|
|a Obsahuje biografické údaje o autorke
|
| 500 |
|
|
|a Publikácia má farebnú oriezku
|
| 655 |
|
7 |
|a slovenské romány
|2 SNKPH
|9 70324
|
| 655 |
|
7 |
|a Slovak fiction
|2 SNKPHeng
|9 277096
|
| 655 |
|
7 |
|a ľúbostné romány
|2 SNKPH
|9 70497
|
| 655 |
|
7 |
|a Love novels
|2 SNKPHeng
|9 277756
|
| 700 |
1 |
|
|a Kovačič, Mária
|4 bjd
|9 249708
|
| 830 |
|
0 |
|a Evitovky
|9 313435
|
| 852 |
|
|
|a Slovenská národná knižnica
|
| 919 |
|
|
|a 978-80-8254-101-7
|
| 954 |
|
|
|a beletria pôvodná (slovenská)
|2 lita
|
| 958 |
|
|
|a LX
|
| 999 |
|
|
|c 1083313
|d 1085243
|
| 952 |
|
|
|a SNK
|b SNK
|y PREZ
|7 0
|p 17A1563652
|o snkSD 93036
|i snk2025/742
|8 0
|0 0
|1 0
|4 0
|d 2025-01-21
|l 0
|r 2026-02-24 16:31:46
|w 2026-02-24
|